History Quiz

Random History or Country Quiz

What Country Did I Lead? II Quiz Stats

Quiz Updated Mar 15, 2017

Challenge
Share
Tweet
Score 0/48 Timer 08:00
14 Plays Today
% Correct
UK
Winston Churchill
90.4%
South Africa
Nelson Mandela
89.9%
Italy
Benito Mussolini
89.6%
France
Louis XIV
88%
Egypt
Tutankhamun
86.2%
Greece
Georgios Papadopoulos
82.4%
Spain
Isabella I of Castille
82.4%
North Korea
Kim Il-sung
82.2%
United States
James K. Polk
81%
Libya
Muammar Gaddafi
78.5%
Germany
Paul von Hindenburg
78.1%
Vietnam
Ho Chi Minh
77.8%
Vatican City
Pope John Paul II
77.2%
China
Jiang Zemin
73.4%
Argentina
Juan Perón
72.8%
Poland
Lech Wałęsa
72.7%
India
Jawaharlal
Nehru
67.9%
Chile
Augusto Pinochet
65.1%
Cambodia
Pol Pot
64.9%
Japan
Emperor Meiji
64.5%
Turkey
Fahri Korutürk
63.9%
Israel
David Ben-Gurion
62.6%
Iran
Mohammad Reza Shah
60.9%
Russia
Boris Godunov
58.8%
% Correct
Romania
Nicolae Ceaușescu
58.6%
Mexico
Vicente Fox
56.6%
Ukraine
Viktor Yushchenko
56.2%
Australia
John Howard
54.3%
Philippines
Ferdinand Marcos
53.7%
Sweden
Gustavus Adolphus the Great
49%
Haiti
Papa Doc Duvalier
47.2%
Iceland
Vigdís Finnbogadóttir
45.8%
Kenya
Jomo Kenyatta
45.7%
Pakistan
Pervez Musharraf
43.5%
Ireland
Liam Cosgrave
43.1%
Cuba
Fulgencio Batista
42.1%
Canada
Jean Chrétien
41.7%
Finland
Juho Kusti Paasikivi
39.2%
Panama
Manuel Noriega
38.8%
DRC
Joseph-Désiré Mobutu
36.4%
Nicaragua
Daniel Ortega
31.7%
Nigeria
Goodluck Jonathan
30.2%
Georgia
Eduard Shevardnadze
22.3%
Serbia
Boris Tadić
20.7%
Iraq
Jalal Talabani
13.8%
Venezuela
Julián Castro
10.8%
Kyrgyzstan
Roza Otunbayeva
6.5%
Ghana
Ignatius Acheampong
6.4%

You're not logged in!

Compare scores with friends on all Sporcle quizzes.
Sign Up with Email
OR
Log In

You Might Also Like...

Show Comments

Extras

Top Quizzes Today


Score Distribution

Your Account Isn't Verified!

In order to create a playlist on Sporcle, you need to verify the email address you used during registration. Go to your Sporcle Settings to finish the process.